| 000 | 00870nam a2200217 i 4500 | ||
|---|---|---|---|
| 001 | 166662 | ||
| 003 | ES-MaACL | ||
| 005 | 20250817034232.0 | ||
| 008 | 050919q1911 fr a |||| | fre d | ||
| 100 | 1 |
_aTrollope, Frances Milton ( _d1780-1863) _9170544 |
|
| 245 | 1 | 0 |
_aParis romantique _b: voyage en France de Mrs. Trollope (avril-juin 1835) / _ctraduit et publié par Jacques Boulenger. |
| 260 |
_aParis : _bArthème Fayard, _c[1911] |
||
| 300 |
_a142 p. : _bil. ; _c24 cm. |
||
| 490 | 1 | _aMémoires et souvenirs / publiés sous la direction de F. Funck-Brentano | |
| 651 | 4 |
_aParís- _xDescripción. _99207 |
|
| 700 | 1 |
_aBoulenger, Jacques. _930912 |
|
| 700 | 1 |
_aFunck-Brentano, Frantz ( _d1862-1947) _953022 |
|
| 830 | 0 | 0 |
_aMémoires et souvenirs _9183261 |
| 852 |
_aES-MaACL _jC-1110 _z- Enc. ed. en tela, conservando cub. original |
||
| 999 |
_c166662 _d166662 |
||